[Event "28th Czech Open A 2017"]
[Site "Pardubice CZE"]
[Date "2017.07.23"]
[Round "3.95"]
[White "Kulovana, Eva"]
[Black "Tokranovs, Dmitrijs"]
[Result "0-1"]
[WhiteTitle "WGM"]
[BlackTitle "FM"]
[WhiteElo "2177"]
[BlackElo "2325"]
[WhiteFideId "318779"]
[BlackFideId "11603011"]
[EventDate "2017.07.21"]

1. e4 d5 2. exd5 Nf6 3. Nf3 Nxd5 4. d4 g6 5. c4 Nb6 6. Nc3 Bg7 7. c5 Nd5 8. Bc4
c6 9. O-O Be6 10. Qb3 Nxc3 11. bxc3 Bxc4 12. Qxc4 O-O 13. Re1 b5 14. Qe2 Re8 15.
a4 bxa4 16. Rxa4 e5 17. Nxe5 Bxe5 18. dxe5 Nd7 19. f4 Nxc5 20. Rc4 Nd3 21. Rd4
Nxc1 22. Rxc1 Qb6 23. Qf2 a5 24. Ra1 Qc5 25. Rd3 Qb5 26. Rd4 a4 27. Rb4 Qa6 28.
Ra3 Red8 29. h3 Rd5 30. Kh2 Ra5 31. Qb6 Qc8 32. Rc4 c5 33. Qb1 Qd7 34. Qe4 R8a6
35. Qe2 Kg7 36. Qe4 Qb5 37. Kg3 Qb2 38. Raxa4 Rxa4 39. Rxa4 Qxc3+ 40. Kf2 Qb2+
41. Kg1 Qc1+ 42. Kf2 Rxa4 43. Qxa4 c4 44. Kf3 Qf1+ 45. Kg3 Qd3+ 46. Kf2 Qd2+ 47.
Kf3 c3 48. Qa1 h5 49. g4 Kh7 50. e6 c2 51. exf7 Qd1+ 52. Kg3 Qxa1 53. f8=Q c1=Q 0-1

[Event "28th Czech Open A 2017"]
[Site "Pardubice CZE"]
[Date "2017.07.23"]
[Round "3.96"]
[White "Leeb, Simon"]
[Black "Urazayev, Arystanbek"]
[Result "0-1"]
[BlackTitle "CM"]
[WhiteElo "2177"]
[BlackElo "2322"]
[WhiteFideId "12924768"]
[BlackFideId "13709810"]
[EventDate "2017.07.21"]

1. d4 Nf6 2. Nf3 g6 3. g3 Bg7 4. Bg2 O-O 5. O-O d6 6. b3 c5 7. Bb2 cxd4 8. Nxd4
a6 9. c4 Qc7 10. Nc3 Nc6 11. Nd5 Nxd5 12. Bxd5 Bh3 13. Re1 Qb6 14. e3 Ne5 15.
Rb1 h5 16. Bg2 Bxg2 17. Kxg2 Rfd8 18. e4 Qa5 19. Qe2 Rac8 20. Ba1 Nc6 21. Rbd1
Nxd4 22. Bxd4 Bxd4 23. Rxd4 b5 24. Rd5 e6 25. Rd4 bxc4 26. bxc4 e5 27. Rd5 Qc3
28. c5 Rxc5 29. Red1 Rxd5 30. Rxd5 Qb4 31. Qd3 Kg7 32. f3 Rc8 33. Qd2 a5 34. Kh3
Rc3 35. Qd1 Qa3 36. Qd2 a4 37. f4 Qc1 38. Qxc1 Rxc1 39. fxe5 dxe5 40. Rxe5 Rc2
41. a3 Ra2 42. Ra5 Rxa3 43. Kg2 Kf6 44. h3 Ra1 45. Kh2 a3 46. Kg2 Ke6 47. Ra7 h4
48. g4 a2 49. Ra5 Kd6 50. e5+ Kc6 51. Kh2 Kb6 52. Ra8 Kc5 53. Kg2 Kd4 54. Ra5
Ke4 55. Kh2 Kf3 56. Ra3+ Ke4 57. Ra5 Kf3 58. Ra3+ Kf2 59. Ra7 Re1 60. Rxa2+ Re2
61. Ra7 Kf3+ 62. Kh1 Re1+ 63. Kh2 Re2+ 64. Kg1 Rxe5 65. Ra4 f5 66. gxf5 gxf5 67.
Ra8 f4 68. Rg8 Re1+ 69. Kh2 Re2+ 70. Kh1 Ke3 71. Rg7 f3 72. Rf7 Re1+ 73. Kh2
Re2+ 74. Kh1 Kf2 75. Rg7 Re3 76. Kh2 Ke2 77. Ra7 f2 78. Ra2+ Kf3 79. Ra8 f1=Q
80. Rf8+ Ke2 81. Rf3 0-1

[Event "28th Czech Open A 2017"]
[Site "Pardubice CZE"]
[Date "2017.07.23"]
[Round "3.97"]
[White "Shemyakin, Valeriy"]
[Black "Strebkovs, Andrejs"]
[Result "1/2-1/2"]
[BlackTitle "IM"]
[WhiteElo "2173"]
[BlackElo "2321"]
[WhiteFideId "14132818"]
[BlackFideId "11601310"]
[EventDate "2017.07.21"]

1. d4 d5 2. c4 c6 3. Nf3 Nf6 4. Qb3 dxc4 5. Qxc4 Bf5 6. g3 e6 7. Bg2 Be7 8. O-O
Nbd7 9. Nc3 Ne4 10. Qb3 Qb6 11. Nh4 Qxb3 12. axb3 Nxc3 13. bxc3 Bc2 14. b4 Nf6
15. b5 Be4 16. bxc6 bxc6 17. Ba3 Bxg2 18. Kxg2 Ne4 19. Rfc1 a5 20. Nf3 f6 21.
Rc2 Kd7 22. Bxe7 Kxe7 23. Nd2 Nxd2 24. Rxd2 Rhb8 25. Rda2 Rb3 26. Rxa5 Rxa5 27.
Rxa5 Rxc3 28. Ra7+ Kf8 29. Rc7 Rc4 30. Kf3 Rxd4 1/2-1/2

[Event "28th Czech Open A 2017"]
[Site "Pardubice CZE"]
[Date "2017.07.23"]
[Round "3.98"]
[White "Hollan, Petr"]
[Black "Furman, Boris"]
[Result "1/2-1/2"]
[WhiteTitle "FM"]
[BlackTitle "FM"]
[WhiteElo "2317"]
[BlackElo "2177"]
[WhiteFideId "360945"]
[BlackFideId "4107187"]
[EventDate "2017.07.21"]

1. e4 c5 2. Nf3 Nc6 3. d4 cxd4 4. Nxd4 Nf6 5. Nc3 d6 6. Bg5 e6 7. Qd2 Be7 8.
O-O-O O-O 9. f4 d5 10. e5 Nd7 11. h4 Nb6 12. Bxe7 Qxe7 13. Rh3 Bd7 14. Qe3 Na5
15. Kb1 Nac4 16. Bxc4 Nxc4 17. Qe1 a5 18. f5 Qb4 19. b3 Na3+ 20. Kb2 Nc4+ 21.
Ka1 Na3 22. f6 Rfc8 23. Qe3 a4 24. Qg5 g6 25. Qh6 Qf8 26. Qxf8+ Kxf8 27. Kb2
axb3 28. axb3 b5 29. h5 g5 30. h6 Rc7 31. Nce2 b4 32. Rg3 Bb5 33. Nc1 Rac8 34.
Rd2 Rc3 35. Rxg5 Re3 36. Rg7 Re4 37. Rxh7 Kg8 38. Rg7+ Kh8 39. h7 Rxd4 40. Rf2
Rf4 41. Rd2 Rd4 42. Rf2 Rf4 1/2-1/2

[Event "28th Czech Open A 2017"]
[Site "Pardubice CZE"]
[Date "2017.07.23"]
[Round "3.99"]
[White "Bergauz, Noam"]
[Black "Manafov, Vugar"]
[Result "1-0"]
[WhiteElo "2309"]
[BlackElo "2165"]
[WhiteFideId "12938033"]
[BlackFideId "13410814"]
[EventDate "2017.07.21"]

1. e4 Nf6 2. e5 Nd5 3. c4 Nb6 4. d4 d6 5. exd6 cxd6 6. Nc3 g6 7. Be3 Bg7 8. Rc1
O-O 9. b3 Bf5 10. Be2 d5 11. c5 Nc8 12. g4 Bd7 13. h3 Bc6 14. b4 a6 15. a4 f6
16. b5 axb5 17. axb5 Be8 18. Nxd5 e6 19. Nc3 f5 20. Qd2 Qf6 21. g5 Qd8 22. Bf3
Ra3 23. Nge2 Qd7 24. O-O f4 25. Bxf4 e5 26. Bg4 Qf7 27. dxe5 Bd7 28. e6 Bxe6 29.
Bxb8 Kh8 30. Bg3 Bxg4 31. hxg4 Qf3 32. Qe3 Qxg4 33. Ra1 Rxc3 34. Nxc3 Rf3 35.
Qe8+ Bf8 36. Kg2 Rxc3 37. Qxf8# 1-0

[Event "28th Czech Open A 2017"]
[Site "Pardubice CZE"]
[Date "2017.07.23"]
[Round "3.100"]
[White "Nun, Jiri"]
[Black "Eryshkanova, Anastasiya"]
[Result "1-0"]
[WhiteTitle "IM"]
[BlackTitle "WFM"]
[WhiteElo "2303"]
[BlackElo "2156"]
[WhiteFideId "300179"]
[BlackFideId "24119059"]
[EventDate "2017.07.21"]

1. e4 c6 2. d4 d5 3. exd5 cxd5 4. Bd3 Nc6 5. c3 g6 6. Nf3 Nh6 7. O-O Bf5 8. Re1
Bxd3 9. Qxd3 Bg7 10. Bf4 O-O 11. Nbd2 Nf5 12. Rad1 Re8 13. Nf1 f6 14. h3 Qd7 15.
Bh2 Rad8 16. Qc2 Nd6 17. Ne3 e6 18. Re2 b5 19. Ne1 Rc8 20. Qb1 Na5 21. Nd3 Nab7
22. Rde1 Nf7 23. Nf4 a5 24. Ng4 e5 25. dxe5 fxe5 26. Nd3 e4 27. Nf4 b4 28. Rd1
bxc3 29. Nxd5 Qc6 30. Nxc3 Nc5 31. Nd5 Nd3 32. Nge3 Qb5 33. Nc7 Rxc7 34. Bxc7
Ng5 35. Bg3 Ne6 36. Rc2 Nd4 37. Rcd2 Bh6 38. Rxd3 Ne2+ 39. Kh2 Nxg3 40. Rd8 1-0

[Event "28th Czech Open A 2017"]
[Site "Pardubice CZE"]
[Date "2017.07.23"]
[Round "3.101"]
[White "Villegas, Pierre"]
[Black "Karousos-Theodorakis, Nikolaos"]
[Result "1-0"]
[WhiteTitle "FM"]
[WhiteElo "2295"]
[BlackElo "2153"]
[WhiteFideId "654183"]
[BlackFideId "4275829"]
[EventDate "2017.07.21"]

1. d4 Nf6 2. c4 g6 3. Nc3 Bg7 4. e4 d6 5. Nf3 O-O 6. Be2 e5 7. d5 a5 8. Bg5 h6
9. Be3 Ng4 10. Bd2 f5 11. h3 Nf6 12. exf5 gxf5 13. Qc1 f4 14. g3 Nbd7 15. gxf4
Nc5 16. Rg1 e4 17. Nd4 Nh7 18. Be3 Na6 19. Qd2 Nb4 20. O-O-O Qe7 21. Kb1 a4 22.
Rg3 a3 23. Rdg1 Kh8 24. Bh5 axb2 25. Rxg7 Qxg7 26. Rxg7 Kxg7 27. f5 Bxf5 28.
Nxf5+ Rxf5 29. Qe2 Raf8 30. Qg4+ Kf6 31. Bxh6 1-0

[Event "28th Czech Open A 2017"]
[Site "Pardubice CZE"]
[Date "2017.07.23"]
[Round "3.102"]
[White "Zimmermann, Luc"]
[Black "Kutynec, Vladimir"]
[Result "1-0"]
[BlackTitle "IM"]
[WhiteElo "2145"]
[BlackElo "2293"]
[WhiteFideId "1007033"]
[BlackFideId "4119843"]
[EventDate "2017.07.21"]

1. e4 c5 2. c3 d5 3. exd5 Qxd5 4. d4 Nc6 5. Nf3 cxd4 6. cxd4 e5 7. Nc3 Bb4 8.
Bd2 Bxc3 9. Bxc3 e4 10. Ne5 Nxe5 11. dxe5 Ne7 12. Qe2 O-O 13. Rd1 Qc6 14. Rd6
Qa4 15. b3 Qa3 16. Qd2 Qc5 17. Bc4 Be6 18. Bxe6 fxe6 19. O-O Nf5 20. Bb4 Qxe5
21. Rd7 Rf7 22. Rd8+ Rf8 23. Bxf8 e3 24. fxe3 Rxd8 25. Qxd8 Qxe3+ 26. Kh1 Kf7
27. Bb4 Qe4 28. Qe7+ Kg6 29. Qe8+ Kf6 30. Be7+ Ke5 31. Qb5+ 1-0

[Event "28th Czech Open A 2017"]
[Site "Pardubice CZE"]
[Date "2017.07.23"]
[Round "3.103"]
[White "Polajzer, Danilo"]
[Black "Baasansuren, Erdene"]
[Result "0-1"]
[WhiteTitle "IM"]
[BlackTitle "FM"]
[WhiteElo "2291"]
[BlackElo "2128"]
[WhiteFideId "14600218"]
[BlackFideId "4902084"]
[EventDate "2017.07.21"]

1. Nf3 Nf6 2. c4 g6 3. Nc3 Bg7 4. e4 d6 5. d4 O-O 6. Be2 e5 7. O-O Nc6 8. Be3
Ng4 9. Bg5 f6 10. Bc1 exd4 11. Nxd4 Nxd4 12. Qxd4 Be6 13. Bxg4 f5 14. Qd3 fxg4
15. Be3 Be5 16. Bd4 Qg5 17. Nd5 Rf7 18. Rad1 Raf8 19. b3 a6 20. Bxe5 Qxe5 21.
Qd4 Qxd4 22. Rxd4 b5 23. cxb5 axb5 24. Nc3 Ra8 25. Re1 Ra6 26. e5 dxe5 27. Rxe5
Rc6 28. Re3 Bd7 29. f3 gxf3 30. gxf3 Rc5 31. h4 Bc6 32. Kf2 Rcf5 33. Ne4 h6 34.
Nd2 Kg7 35. Kg3 Rc5 36. Re6 Bd7 37. Re3 Rc2 38. a3 c5 39. Rd5 Bf5 40. Ne4 Bxe4
41. Rxe4 Rc3 42. Rf4 Rc7 43. Rd6 Rxb3 44. Rff6 Rf7 45. Rxg6+ Kf8 46. Rd8+ Ke7
47. Rb8 Rfxf3+ 48. Kg2 Rfc3 49. Rb7+ Kf8 50. Rf6+ Ke8 51. Rf2 Rg3+ 52. Kh2 Rh3+
53. Kg2 Rbg3+ 54. Kf1 Rh1+ 55. Ke2 Rb3 56. Rg2 Kf8 57. Rf2+ Ke8 58. Rg2 Rb2+ 59.
Kf3 Rf1+ 60. Kg3 Rxg2+ 61. Kxg2 Rb1 62. a4 Rb2+ 63. Kf1 b4 64. a5 Ra2 65. Rb5
Kd7 66. Ke1 Kc6 67. Rb6+ Kd5 68. a6 h5 69. Kd1 Kc4 70. Kc1 Kc3 71. Kb1 b3 72.
Rb5 c4 0-1

[Event "28th Czech Open A 2017"]
[Site "Pardubice CZE"]
[Date "2017.07.23"]
[Round "3.104"]
[White "Van Zyl-Rudd, Jack"]
[Black "Hoeglauer, Patrick"]
[Result "1-0"]
[WhiteTitle "FM"]
[BlackTitle "FM"]
[WhiteElo "2125"]
[BlackElo "2291"]
[WhiteFideId "14309017"]
[BlackFideId "1270548"]
[EventDate "2017.07.21"]

1. d4 Nf6 2. c4 e6 3. Nc3 c5 4. d5 exd5 5. cxd5 d6 6. Nf3 g6 7. Bf4 a6 8. a4 Bg7
9. e3 O-O 10. h3 Qe7 11. Nd2 Nbd7 12. Nc4 Ne8 13. Be2 Ne5 14. Bxe5 Bxe5 15. O-O
f5 16. Qb3 Bg7 17. Rae1 Nf6 18. a5 Ne4 19. Na4 Rb8 20. Nab6 Bd7 21. Bd3 Bb5 22.
Qc2 Rbe8 23. Rb1 Rf7 24. Nd2 Bh6 25. Nxe4 fxe4 26. Bc4 Qh4 27. Qe2 Ref8 28. b4
Rf3 29. bxc5 R8f5 30. Bxb5 Rxh3 31. gxh3 Qxh3 32. f4 exf3 33. Qh2 Bxe3+ 34. Kh1
Rh5 35. Rb2 Qg3 36. Qxh5 gxh5 37. Rh2 axb5 38. c6 bxc6 39. dxc6 Bf4 40. Rg1 1-0

[Event "28th Czech Open A 2017"]
[Site "Pardubice CZE"]
[Date "2017.07.23"]
[Round "3.105"]
[White "Polyakov, Fedor"]
[Black "Goluch, Piotr"]
[Result "0-1"]
[BlackTitle "FM"]
[WhiteElo "2120"]
[BlackElo "2288"]
[WhiteFideId "11602953"]
[BlackFideId "1137840"]
[EventDate "2017.07.21"]

1. d4 Nf6 2. c4 c5 3. d5 b5 4. cxb5 a6 5. b6 d6 6. Nc3 Nbd7 7. e4 g6 8. Nf3 Bg7
9. Bd3 O-O 10. O-O Nxb6 11. Nd2 Nfd7 12. a4 Ra7 13. a5 Na8 14. f4 Nc7 15. Ra3
Nb5 16. Nxb5 axb5 17. Bxb5 Rxa5 18. Bd3 Qc7 19. Nc4 Ra7 20. Rxa7 Qxa7 21. Bd2
Nb6 22. Bc3 Bxc3 23. bxc3 Ba6 24. Nxb6 c4 25. Be2 Qxb6+ 26. Qd4 Qxd4+ 27. cxd4
Rb8 28. Rc1 f5 29. exf5 gxf5 30. Rc2 Kf7 31. Kf2 Rb4 32. Rc3 Kf6 33. Ra3 Bb7 34.
Bf3 Rb3 35. Ra4 c3 36. Rc4 Ba6 37. Rc7 Rb2+ 38. Ke3 Bf1 39. Rxc3 Bxg2 40. Be2
Bxd5 41. Ra3 Bc6 42. Rc3 Bb5 43. Bxb5 Rxb5 44. Kf3 Rb2 45. Kg3 Rd2 46. Rc4 Rd3+
47. Kg2 Ke6 48. Ra4 h5 49. Rb4 h4 50. Ra4 h3+ 51. Kf2 Kd5 52. Ra8 Ke4 53. Ra7 e6
54. Ke2 Rb3 55. Re7 Rb2+ 56. Ke1 Kd5 0-1

[Event "28th Czech Open A 2017"]
[Site "Pardubice CZE"]
[Date "2017.07.23"]
[Round "3.106"]
[White "Vokoun, Jan"]
[Black "Rakesh, Kumar Jena"]
[Result "1/2-1/2"]
[WhiteTitle "FM"]
[BlackTitle "FM"]
[WhiteElo "2104"]
[BlackElo "2283"]
[WhiteFideId "301647"]
[BlackFideId "5084822"]
[EventDate "2017.07.21"]

1. d4 e6 2. Nf3 c5 3. e3 Nc6 4. c3 Nf6 5. Bd3 b6 6. Nbd2 Bb7 7. O-O Be7 8. Re1
Rc8 9. a3 d5 10. Qe2 O-O 11. dxc5 bxc5 12. e4 d4 13. e5 dxc3 14. bxc3 Nd5 15.
Ne4 Qc7 16. c4 Nb6 17. Bf4 Nd4 18. Nxd4 cxd4 19. Qg4 Bxe4 20. Rxe4 Rfd8 21. Bh6
g6 22. h4 Nd7 23. Qf4 Nc5 24. Rd1 Nxe4 25. Qxe4 Qc6 26. Qg4 Bf8 27. Bg5 Rd7 28.
h5 Bg7 29. hxg6 fxg6 30. Be4 Qa6 31. Bd5 Re8 32. Rxd4 Rf7 33. Bf3 Qb6 34. Be3
Qb2 35. c5 Rb8 36. Qxe6 Qa1+ 37. Bd1 Rb1 38. Qd5 Qb2 39. f4 Bh6 40. Kh2 Qa1 41.
Kg3 Kg7 42. Bb3 Rxb3 43. Qxb3 Qe1+ 44. Kh2 Qh4+ 45. Kg1 Qe1+ 1/2-1/2

[Event "28th Czech Open A 2017"]
[Site "Pardubice CZE"]
[Date "2017.07.23"]
[Round "3.107"]
[White "Granovskiy, Alexandr"]
[Black "Pranav, Anand"]
[Result "1-0"]
[WhiteTitle "IM"]
[WhiteElo "2282"]
[BlackElo "2098"]
[WhiteFideId "13700243"]
[BlackFideId "46626786"]
[EventDate "2017.07.21"]

1. e4 e5 2. Nf3 Nc6 3. Bc4 Nf6 4. d3 Be7 5. O-O d6 6. a4 O-O 7. Re1 Na5 8. Ba2
c5 9. h3 Nc6 10. Na3 a6 11. Bd2 h6 12. c3 Re8 13. Nc4 Be6 14. Qb1 Bf8 15. a5 Qc7
16. Nb6 Rad8 17. c4 Nh5 18. Bb3 g6 19. Bd1 Bg7 20. Ra3 Nf4 21. b4 cxb4 22. Bxb4
f5 23. Bd2 fxe4 24. dxe4 Qf7 25. Nd5 g5 26. Rb3 Rd7 27. Nb6 Rde7 28. Nd5 Bxd5
29. cxd5 Nd4 30. Nxd4 exd4 31. Bg4 Kh8 32. Bf5 d3 33. Kf1 Nxd5 34. Rxd3 Nf6 35.
Rxd6 Qc4+ 36. Qd3 Qxd3+ 37. Rxd3 Nxe4 38. Rxe4 Rxe4 39. Bxe4 Rxe4 40. Rd8+ Kh7
41. Rd7 Rd4 42. Rxg7+ 1-0

[Event "28th Czech Open A 2017"]
[Site "Pardubice CZE"]
[Date "2017.07.23"]
[Round "3.108"]
[White "Jazdanovs, Aleksandrs"]
[Black "Gibicar, Danijel"]
[Result "1-0"]
[BlackTitle "FM"]
[WhiteElo "2066"]
[BlackElo "2280"]
[WhiteFideId "11604492"]
[BlackFideId "24660256"]
[EventDate "2017.07.21"]

1. e4 e6 2. d4 d5 3. Nc3 Bb4 4. exd5 exd5 5. Bd3 c6 6. Nf3 Ne7 7. O-O O-O 8. Ne2
Ng6 9. Ng5 h6 10. Nf3 Bg4 11. Ne5 Nxe5 12. dxe5 f6 13. e6 Qe8 14. c3 Bc5 15. b4
Bb6 16. a4 Qxe6 17. Nf4 Qd7 18. Qc2 g5 19. a5 Bc7 20. f3 Be6 21. Nxe6 Qxe6 22.
f4 Nd7 23. Bf5 Qd6 24. Qd3 Rf7 25. Qh3 Kg7 26. Qh5 Nf8 27. Rf3 Qe7 28. Re3 Be5
29. fxe5 fxe5 30. g4 d4 31. Rh3 Qf6 32. cxd4 exd4 33. Bd2 Ne6 34. Rf1 Raf8 35.
Rhf3 d3 36. Bxe6 Qd4+ 37. Kg2 Rxf3 38. Rxf3 Rxf3 39. Kxf3 Qf6+ 40. Bf5 1-0

[Event "28th Czech Open A 2017"]
[Site "Pardubice CZE"]
[Date "2017.07.23"]
[Round "3.109"]
[White "Polyik, Peter"]
[Black "Pcola, Jaroslav1"]
[Result "1/2-1/2"]
[WhiteElo "2279"]
[BlackElo "2071"]
[WhiteFideId "758817"]
[BlackFideId "14907810"]
[EventDate "2017.07.21"]

1. d4 Nf6 2. c4 e6 3. Nf3 d5 4. Nc3 Bb4 5. cxd5 exd5 6. Bg5 Nbd7 7. e3 c5 8. Bd3
Qa5 9. Qc2 c4 10. Bf5 O-O 11. O-O Re8 12. Nd2 g6 13. Bh3 b5 14. a3 Bf8 15. Bxd7
Nxd7 16. Nxd5 Bb7 17. Nf6+ Nxf6 18. Bxf6 Bd6 19. Bh4 Rac8 20. Qc3 Qb6 21. b4 Qc6
22. Nf3 Bf8 23. Rad1 Bg7 24. Kh1 Qe6 25. Bg3 Rcd8 26. Rg1 a6 27. Rde1 Qf5 28.
Nd2 Qd7 29. Nb1 h5 30. f3 g5 31. Bf2 Qf5 32. Qd2 g4 33. e4 Qf6 34. Qe2 Qg6 35.
Qd1 f5 36. exf5 Qxf5 37. Rxe8+ Rxe8 38. Re1 Rd8 39. Nd2 Bxd4 40. Bxd4 Rxd4 41.
Qe2 Bc6 1/2-1/2

[Event "28th Czech Open A 2017"]
[Site "Pardubice CZE"]
[Date "2017.07.23"]
[Round "3.110"]
[White "Nosek, Jan"]
[Black "Reuker, Jari"]
[Result "0-1"]
[WhiteElo "1969"]
[BlackElo "2275"]
[WhiteFideId "368393"]
[BlackFideId "12909300"]
[EventDate "2017.07.21"]

1. e4 c5 2. Nf3 e6 3. d4 cxd4 4. Nxd4 Nc6 5. Nc3 Qc7 6. Be2 Nf6 7. O-O a6 8. Be3
Bb4 9. Nxc6 bxc6 10. Na4 Be7 11. Nb6 Rb8 12. Nxc8 Qxc8 13. Bd4 c5 14. Be5 Rb6
15. b3 Nxe4 16. Bxg7 Rg8 17. Be5 Bd6 18. Bb2 Qc7 19. h3 Be5 20. Bxe5 Qxe5 21.
Qd3 Qf4 22. Rad1 Rd6 23. Qc4 Rxd1 24. Bxd1 a5 25. Qd3 f5 26. Qe2 Ke7 27. Qh5 Rg7
28. Qe2 Qg5 29. f4 Qh4 30. Qc4 Qxh3 31. Bf3 Nd2 32. Qxc5+ Kf7 33. Qc3 Rxg2+ 0-1

[Event "28th Czech Open A 2017"]
[Site "Pardubice CZE"]
[Date "2017.07.24"]
[Round "4.1"]
[White "Gupta, Abhijeet"]
[Black "Kozak, Adam"]
[Result "1-0"]
[WhiteTitle "GM"]
[BlackTitle "IM"]
[WhiteElo "2625"]
[BlackElo "2414"]
[WhiteFideId "5010608"]
[BlackFideId "753246"]
[EventDate "2017.07.21"]

1. d4 d5 2. c4 c6 3. Nf3 Nf6 4. Nc3 e6 5. g3 dxc4 6. Bg2 b5 7. Ne5 Qb6 8. O-O
Bb7 9. a4 a5 10. e4 Nbd7 11. Be3 Qa6 12. Nxd7 Nxd7 13. d5 Nc5 14. Qh5 cxd5 15.
exd5 b4 16. Bxc5 Bxc5 17. Ne4 Be7 18. d6 Bxe4 19. Bxe4 Bxd6 20. Bxa8 Qxa8 21.
Qb5+ Ke7 22. Qxc4 Rc8 23. Qh4+ Kf8 24. Rad1 Be5 25. Rd7 Kg8 26. Qh5 Bxb2 27.
Qxf7+ Kh8 28. Qxe6 Rb8 29. Qd5 1-0

[Event "28th Czech Open A 2017"]
[Site "Pardubice CZE"]
[Date "2017.07.24"]
[Round "4.2"]
[White "Geller, Jakov"]
[Black "Gopal, G.N."]
[Result "1/2-1/2"]
[WhiteTitle "GM"]
[BlackTitle "GM"]
[WhiteElo "2519"]
[BlackElo "2580"]
[WhiteFideId "4151984"]
[BlackFideId "5015693"]
[EventDate "2017.07.21"]

1. e4 c5 2. Nf3 d6 3. d4 cxd4 4. Nxd4 Nf6 5. Nc3 a6 6. Be3 e5 7. Nf3 Be7 8. Bc4
O-O 9. O-O Qc7 10. Bb3 Be6 11. Qe2 b5 12. Rfd1 Nbd7 13. Bxe6 fxe6 14. Ng5 Rfc8
15. Nxe6 Qc4 16. Qxc4 Rxc4 17. f3 b4 18. Nd5 Nxd5 19. exd5 Rxc2 20. Rac1 Rac8
21. Rxc2 Rxc2 22. Rc1 Rxc1+ 23. Bxc1 Kf7 24. Be3 a5 25. Kf2 Nf6 26. Nc7 Bd8 27.
Ne6 Be7 28. Nc7 Bd8 29. Ne6 1/2-1/2

[Event "28th Czech Open A 2017"]
[Site "Pardubice CZE"]
[Date "2017.07.24"]
[Round "4.3"]
[White "Noe, Christopher"]
[Black "Paravyan, David"]
[Result "1/2-1/2"]
[WhiteTitle "IM"]
[BlackTitle "IM"]
[WhiteElo "2451"]
[BlackElo "2531"]
[WhiteFideId "24692018"]
[BlackFideId "4194985"]
[EventDate "2017.07.21"]

1. d4 Nf6 2. Bf4 c5 3. d5 b5 4. f3 Nh5 5. Bg5 Qc7 6. e4 e6 7. Nc3 a6 8. Qd2 b4
9. Nce2 d6 10. Ng3 h6 11. Bh4 Nxg3 12. hxg3 g5 13. Bxg5 Bg7 14. Rxh6 Bxb2 15.
Bf6 Rxh6 16. Qxh6 Bxa1 17. Qh8+ Kd7 18. Qf8 Bxf6 19. Qxf7+ Be7 20. Qxe6+ Ke8 21.
Qg6+ Kf8 22. Qh6+ 1/2-1/2

[Event "28th Czech Open A 2017"]
[Site "Pardubice CZE"]
[Date "2017.07.24"]
[Round "4.4"]
[White "Spalir, Jernej"]
[Black "Lalith, Babu M R"]
[Result "1/2-1/2"]
[WhiteTitle "FM"]
[BlackTitle "GM"]
[WhiteElo "2342"]
[BlackElo "2530"]
[WhiteFideId "14606518"]
[BlackFideId "5024595"]
[EventDate "2017.07.21"]

1. d4 Nf6 2. c4 e6 3. Nf3 c5 4. d5 exd5 5. cxd5 d6 6. Nc3 g6 7. Bf4 Bg7 8. Qa4+
Bd7 9. Qb3 b5 10. Bxd6 Qb6 11. Be5 O-O 12. e3 c4 13. Qd1 b4 14. Nb1 Rc8 15. Be2
Bb5 16. a3 Nbd7 17. Bd4 Qa5 18. O-O Bf8 19. d6 Ne4 20. Nbd2 Nxd6 21. axb4 Qxb4
22. Bc3 Qc5 23. Nd4 a6 24. Bf3 Rab8 25. Ne4 Nxe4 26. Bxe4 Nb6 27. Qf3 Bg7 28.
Bb7 Rc7 29. Bxa6 Ba4 30. Ra3 Bc6 31. Nxc6 Qxc6 32. Qxc6 Rxc6 33. Bxg7 Kxg7 34.
Rc1 Rd8 35. f3 Rd2 36. Rb3 cxb3 37. Rxc6 Nd7 38. Rc7 Ne5 39. Rb7 Rxb2 40. Bf1
Rb1 41. Kf2 b2 42. Rb5 Nd7 43. Bd3 Rd1 44. Ke2 Rg1 45. Kf2 Rd1 46. Ke2 1/2-1/2

[Event "28th Czech Open A 2017"]
[Site "Pardubice CZE"]
[Date "2017.07.24"]
[Round "4.5"]
[White "Nagy, Gabor1"]
[Black "Laznicka, Viktor"]
[Result "0-1"]
[WhiteTitle "IM"]
[BlackTitle "GM"]
[WhiteElo "2452"]
[BlackElo "2669"]
[WhiteFideId "737119"]
[BlackFideId "316385"]
[EventDate "2017.07.21"]

1. d4 f5 2. Nh3 Nf6 3. g3 g6 4. Bg2 Bg7 5. Nf4 Nc6 6. d5 Ne5 7. Nc3 c6 8. h4 O-O
9. e4 fxe4 10. Nxe4 Nxd5 11. Nxd5 cxd5 12. Qxd5+ e6 13. Qd1 d5 14. Ng5 Qa5+ 15.
Bd2 Qb6 16. O-O Qxb2 17. Bf4 Nf7 18. Rb1 Qxa2 19. Nxf7 Rxf7 20. h5 Qc4 21. Re1
a5 22. hxg6 hxg6 23. Bf1 Qd4 24. Bd3 g5 25. Be3 Qf6 26. f4 gxf4 27. Bxf4 Bh6 28.
Qh5 Bxf4 29. gxf4 Qh8 30. Qg5+ Qg7 31. Bg6 Rf6 32. f5 Rxf5 33. Qxf5 exf5 34.
Re8+ Qf8 35. Rbe1 Bd7 36. Rxf8+ Kxf8 37. Re5 a4 38. Rxd5 a3 0-1

[Event "28th Czech Open A 2017"]
[Site "Pardubice CZE"]
[Date "2017.07.24"]
[Round "4.6"]
[White "Garakov, Mikhael"]
[Black "Stocek, Jiri"]
[Result "0-1"]
[WhiteTitle "IM"]
[BlackTitle "GM"]
[WhiteElo "2447"]
[BlackElo "2590"]
[WhiteFideId "4169034"]
[BlackFideId "304760"]
[EventDate "2017.07.21"]

1. e4 e6 2. d4 d5 3. Nc3 Bb4 4. e5 Ne7 5. a3 Bxc3+ 6. bxc3 c5 7. Qg4 cxd4 8.
Qxg7 Rg8 9. Qxh7 Qc7 10. Ne2 Nbc6 11. f4 Bd7 12. Qd3 dxc3 13. Nxc3 a6 14. h4 Nf5
15. Rh3 Na5 16. Rb1 O-O-O 17. h5 Bc6 18. h6 Rg6 19. h7 Rh8 20. Qd1 d4 21. g4
dxc3 22. gxf5 exf5 23. Be3 Be4 24. Qd4 Nc6 25. Qxc3 f6 26. exf6 Rxh7 27. Bb6
Rxh3 28. Bxh3 Qxf4 29. f7 Qh4+ 30. Bf2 Qf6 31. Qc4 Kb8 32. Bc5 Qh4+ 33. Kd2 Qh6+
34. Ke1 Rf6 35. f8=Q+ Rxf8 36. Bxf8 Qxf8 37. Qxa6 Qe7 38. Kd2 Qg5+ 39. Ke1 Qe3+
40. Qe2 Qxh3 41. Kd2 Nd4 42. Qf2 Nxc2 43. Qf4+ Ka8 44. Rb2 Qd3+ 45. Kc1 Ne3 0-1

[Event "28th Czech Open A 2017"]
[Site "Pardubice CZE"]
[Date "2017.07.24"]
[Round "4.7"]
[White "Haba, Petr"]
[Black "Dvoirys, Semen I."]
[Result "1/2-1/2"]
[WhiteTitle "GM"]
[BlackTitle "GM"]
[WhiteElo "2432"]
[BlackElo "2552"]
[WhiteFideId "300160"]
[BlackFideId "4100379"]
[EventDate "2017.07.21"]

1. d4 Nf6 2. c4 g6 3. Nc3 d5 4. cxd5 Nxd5 5. e4 Nxc3 6. bxc3 Bg7 7. Nf3 c5 8. h3
O-O 9. Be2 cxd4 10. cxd4 Nc6 11. Be3 Qa5+ 12. Bd2 Qa3 13. d5 Nd4 14. Nxd4 Bxd4
15. Rb1 Qd6 16. O-O 1/2-1/2